Geografía de la provincia de Zamora - Estadísticas

Estadísticas generales
  • Esta prueba ha sido intentada 39 veces
  • La puntuación promedio es 9 de 20
Estadísticas de respuestas
Pregunta Respuesta % Correcto
¿Cuál de los siguientes cuerpos de agua ubicados en la provincia de Zamora tiene mayor extensión? Lago de Sanabria
91%
¿Cuál de las siguientes opciones está dentro de Los Pueblos Más Bonitos de España? Puebla de Sanabria
88%
¿Cuál es el pico más alto de la provincia de Zamora? Peña Trevinca
75%
¿Qué comarca de Zamora NO tiene frontera directa con Portugal? Tierra de Tábara
66%
¿Cuál de estos ríos NO cruza la provincia de Zamora? Río Alagón
63%
¿En qué de los siguientes municipios se conserva la lengua gallega? Hermisende
56%
¿Cuál es el municipio más grande de la provincia por extensión? Toro
56%
¿Qué municipio zamorano fue sumergido para la construcción del pantano de Almendra? Argusino
44%
¿Por cuál de los siguientes municipios cruza el río Duero? Fresno de la Ribera
44%
¿En cuál de estos municipios se conserva aún la lengua leonesa? Mombuey
44%
¿Cuál de los siguientes es el único término municipal sin frontera con el de Zamora? Moraleja del Vino
44%
¿Cuál de los siguientes municipios pertenece al Área de Salud de Salamanca en lugar de al Área de Salud de Zamora? Cañizal
38%
¿Cuál de las siguientes mancomunidades zamoranas es real? Mancomunidad Sayagua
34%
¿Cuál de estos municipios zamoranos NO se sitúa dentro de la Tierra de Campos? Villavendimio
34%
¿Cuál de los siguientes municipios NO tiene frontera con la provincia de León? Villabrázaro
31%
¿Qué comarca de la provincia de Zamora tiene menor densidad de población? La Carballeda
28%
¿En cuál de los siguientes municipios se encuentra el punto más bajo de la provincia de Zamora? Molacillos
28%
¿Cuál de los siguientes municipios está completamente rodeado por el término municipal de Toro? Peleagonzalo
22%
¿Cuál de estos barrios de Zamora se encuentra al sur del Duero? El Sepulcro
19%
¿Cuál de los siguientes municipios NO se localiza en la Sierra de la Culebra? Faramontanos de Tábara
16%
No se encontraron pruebas coincidentes
Distribución de puntuación
Porcentaje de gente con cada puntuación
Porcentaje por número respondido
Historial de tus puntuaciones
No has intentado esta prueba.